| 000 | 01055nam a2200121Ia 4500 | ||
|---|---|---|---|
| 008 | 220616s9999||||xx |||||||||||||| ||und|| | ||
| 245 | 0 | _aEnergy Saving at Cities | |
| 546 | _aEnglish[eng] | ||
| 650 | _aenergy-saving||energy conservation||energy utilization||energy efficiency||scientific collaboration||wind farm||thermal power plants||peak electricity demand||Gulf of Mexico||bike sharing||energy saving||system rebalancing||Weibull function||scale parameter||shape parameter||wind power density||seasons||optimal tilt angle||PV system||solar photovoltaic||solar radiation||PVGIS||PVWatts||Palestine||pyrolysis||solid tire wastes||PCB||TPO||Pyro-Gas||industrial scale||local climate policy||municipal authorities||municipal energy planning||local GHG emissions||multilevel governance||renewable energy||zero-energy buildings||sustainability||sustainable transport||PV||energy saving in data processing centers | ||
| 700 | _aManzano Agugliaro, Francisco||Perea Moreno, Alberto Jesús | ||
| 856 | _uhttps://mdpi.com/books/pdfview/book/2709 | ||
| 942 | _cEB | ||
| 999 |
_c20951 _d20951 |
||